000 00326nam a22001457a 4500
008 230113b ||||| |||| 00| 0 eng d
020 _a9781452241531
041 _aeng
080 _22013 EDITION
_a339.9
082 _a339.9
100 _a24.1
101 _aGLOBA
245 _aGLOBAL ISSUES
_cPALERMIN S
942 _2udc
_cBK
999 _c59232
_d59232